| 000 | 01137nam a2200301 i 4500 | ||
|---|---|---|---|
| 003 | EG-GICUC | ||
| 005 | 20260414195837.0 | ||
| 008 | 260414s1881 fr |||fr|||| 00| 0 fre d | ||
| 040 |
_aEG-GiCUC _bfre _cEG-GiCUC _dEG-GiCUC _eRda |
||
| 082 | 0 | 4 |
_221 _a343.1 _bFI . C |
| 092 | 0 | 4 | _221 |
| 099 | _aLaw1 10 343.1 FI . C 1881 | ||
| 100 | 1 |
_aFils, Édouard Dalloz _eCo-Auteur |
|
| 245 | 1 | 4 |
_aLes Codes Annotés Code Pénal : _bAnnoté Et Expliqué D'après La Jurisprudence Et La Doctrine Avec Renvois AU Répertoire Alphabétique Et AU Recueil Périodique / _cPar Mm Édouard Dalloz Fils, Charles Vergé. |
| 264 | 1 |
_aParis : _bAU Bureau De La Jurisprudence Générale, _c1881. |
|
| 300 |
_a426 page ; _c 24 cm. |
||
| 336 |
_2rda contenu _a texte |
||
| 337 |
_2rda medias _aOrdinateur |
||
| 338 |
_2 transporteur rda _a Ressource en ligne |
||
| 490 | _aJurisprudence Générale | ||
| 650 | 1 |
_aDroit Pénal Général _2qrmak |
|
| 650 | 1 |
_aDroit Do Pénal _2qrmak |
|
| 651 | 1 | _2qrmak | |
| 700 | 1 |
_aVergé, Charles _eCo-Auteur |
|
| 856 | 4 | 0 | _uhttps://fll.law.cu.edu.eg/fulltext/bks/B10-09300.pdf |
| 905 | _a54 | ||
| 942 |
_2ddc _cBK _e21 _n0 |
||
| 999 |
_c70978 _d70978 |
||